000 00607nam a2200253Ia 4500
003 OSt
005 20221005132622.0
006 a|||||r|||| 00| 0
007 ta
008 221004b |||||||| |||| 00| 0 tam d
024 _a47806
037 _cTextual
040 _aCRL
_cCRL
_btam
041 _2tam
_atam
082 _aO31,1x, M3
100 _aAlliuthayan Au.
_9641420
245 0 _aUligal
260 _c1983
300 _a58p.
_ccm.
650 _a TAMIL POETRY
650 _aTAMIL LITERATURE
942 _hO31,1x, M3
_cTEXL
_2cc
999 _c1064225
_d1064225